000 00596nam a2200229Ia 4500
003 OSt
005 20220928101659.0
006 a|||||r|||| 00| 0
007 ta
008 220927b |||||||| |||| 00| 0 eng d
024 _a44814
037 _cTextual
040 _aSDCL
_cSDCL
_beng
041 _2eng
_aeng
082 _aO152,1J90:g, L9
100 _aJai prakash
_9393559
245 0 _aBihari ki kavya -srishti.
260 _aKanpur
_bRishi Prakashan
_c1979
300 _a111p
_ccm.
942 _hO152,1J90:g, L9
_cTEXL
_2CC
999 _c709188
_d709188